| 000 | 00814nam a22002537a 4500 | ||
|---|---|---|---|
| 003 | 0 | ||
| 005 | 20241001142820.0 | ||
| 008 | 241001b xxu||||| |||| 00| 0 eng d | ||
| 020 | _a9781647267025 | ||
| 050 |
_aQA 76.758 _b.M36 2024 |
||
| 100 |
_aMcNeil, Ryan, _eauthor. |
||
| 245 |
_aSoftware engineering : _bprinciples and practices / _cRyan McNeil. |
||
| 260 |
_aNew York, NY : _bClanrye International, _c2024. |
||
| 300 |
_avi, 199 p. : _bcol. ill. ; _c27 cm. |
||
| 440 | _aEdu-Tech Learning. | ||
| 504 | _aIncludes bibliographical references and index. | ||
| 650 | _aSoftware engineering. | ||
| 650 | _aComputer programming. | ||
| 650 | _aComputer networks. | ||
| 650 | _aComputer science. | ||
| 650 | _aInformation science. | ||
| 650 | _aAutomatic programming (Computer science). | ||
| 942 |
_2lcc _cBK |
||
| 999 |
_c366428 _d366428 |
||